000
00355nam a2200133Ia 4500
008
151001s9999||||xx |||||||||||||| ||und||
100
_a
Qwilers A.t Cough
245
_a
Tales from shakespers
250
_a
1
260
_b
Edward Arnold
260
_c
1919
300
_a
158
365
_b
7
999
_c
949903
_d
949900